000 00259nmm a2200085Ia 4500
008 220120s9999||||xx |||||||||||||||||und||
100 _aPCQ
245 0 _a50 finance and business management tools for personal and bu
260 _aCoorg Institute of Technology
_c2015
999 _c139964
_d139964